| 000 | 02341nam a22003617a 4500 | ||
|---|---|---|---|
| 001 | 102347 | ||
| 003 | KnowledgeUnlatched | ||
| 005 | 20210303105054.0 | ||
| 006 | m o d | ||
| 007 | cr u|||||||||| | ||
| 008 | 210129p20152019xx o u00| u eng d | ||
| 037 | _5BiblioBoard | ||
| 245 | 0 | 0 |
_aReligion in China _bMajor Concepts and Minority Positions / _cMax Deeg, Bernhard Scheid. |
| 020 | _a9783700177593 | ||
| 029 | 1 | _ahttps://library.biblioboard.com/ext/api/media/b2807267-4827-47ec-89b1-3e7d384cb3a6/assets/thumbnail.jpg | |
| 040 |
_aScCtBLL _cScCtBLL |
||
| 506 | 0 |
_aAccess copy available to the general public. _fUnrestricted _2star |
|
| 700 | 1 |
_aDeeg, Max _eeditor. |
|
| 700 | 1 |
_aScheid, Bernhard _eeditor. |
|
| 264 | 1 | _bVerlag der Österreichischen Akademie der Wissenschaften, | |
| 300 | _a1 online resource (255 p.) | ||
| 520 | _aReligions of foreign origin have shaped Chinese cultural history much stronger than generally assumed and continue to have impact on Chinese society in varying regional degrees. The essays collected in the present volume put a special emphasis on these "foreign" and less familiar aspects of Chinese religion. Apart from an introductory article on Daoism (the prototypical autochthonous religion of China), the volume reflects China's encounter with religions of the so-called Western Regions, starting from the adoption of Indian Buddhism to early settlements of religious minorities from the Near East (Islam, Christianity, and Judaism) and the early modern debates between Confucians and Christian missionaries. Contemporary religious minorities, their specific social problems, and their regional diversities are discussed in the cases of Abrahamitic traditions in China. | ||
| 588 | 0 | _aDescription based on print version record. | |
| 590 | _aKU Select 2018: HSS Backlist Books | ||
| 650 | 7 |
_aReligion _2bisacsh |
|
| 650 | 0 | _aReligion | |
| 655 | 0 | _aElectronic books. | |
| 758 |
_iIs found in: _aKnowledge Unlatched _1https://openresearchlibrary.org/module/2774bc74-146a-484f-a7ba-ab1d6a09bbfb |
||
| 856 | 4 | 0 |
_uhttps://openresearchlibrary.org/content/b2807267-4827-47ec-89b1-3e7d384cb3a6 _zView this content on Open Research Library. _70 |
| 999 |
_c33492 _d33492 |
||